|
|
|
|
| LEADER |
01699nam a2200313 a 4500 |
| 001 |
14984 |
| 003 |
BD-DhAAL |
| 008 |
090415r20032002njua b 001 0 eng d |
| 999 |
|
|
|c 198
|d 198
|
| 010 |
|
|
|a 2001021949
|
| 020 |
|
|
|a 8120322215
|
| 040 |
|
|
|a DLC
|c DLC
|d DLC
|d BD-DhAAL
|
| 082 |
0 |
0 |
|a 658.8342
|2 21
|
| 100 |
1 |
|
|a Kardes, Frank R.
|9 41435
|
| 245 |
1 |
0 |
|a Consumer behavior and managerial decision making /
|c Frank R. Kardes.
|
| 250 |
|
|
|a Second edition
|
| 260 |
|
|
|a Upper Saddle River, N.J. :
|b Prentice Hall;New Delhi,
|c c2002 (reprinted 2003).
|
| 300 |
|
|
|a xviii, 457 pages :
|b illustrations ;
|c 25 cm.
|
| 504 |
|
|
|a Includes bibliographical references (pages 417-439) and indexes.
|
| 541 |
1 |
|
|e 14984
|
| 650 |
|
0 |
|a Consumer behavior.
|9 41436
|
| 650 |
|
0 |
|a Decision making.
|9 41437
|
| 852 |
|
|
|a Ayesha Abed Library
|c General Stacks
|
| 942 |
|
|
|2 ddc
|c BK
|
| 952 |
|
|
|0 0
|1 0
|2 ddc
|4 0
|6 658_834200000000000_KAR_2002
|7 0
|9 182
|a BRACUL
|b BRACUL
|c GEN
|d 2009-04-29
|g 310.00
|l 1
|o 658.8342 KAR
|p 3010014984
|r 2014-11-09
|s 2014-07-05
|t 1
|w 2009-04-29
|y BK
|
| 952 |
|
|
|0 0
|1 0
|2 ddc
|4 0
|6 658_834200000000000_KAR_2002
|7 0
|9 12706
|a BRACUL
|b BRACUL
|c GEN
|d 2010-10-24
|l 0
|o 658.8342 KAR
|p 3010014985
|r 2010-10-24
|t 2
|w 2010-10-24
|y BK
|
| 952 |
|
|
|0 0
|1 0
|2 ddc
|4 0
|6 658_834200000000000_KAR_2002
|7 0
|9 18027
|a BRACUL
|b BRACUL
|c GEN
|d 2011-09-18
|l 1
|m 30
|o 658.8342 KAR
|p 3010014981
|r 2025-08-26
|s 2023-10-16
|t 3
|w 2011-09-18
|y BK
|
| 952 |
|
|
|0 0
|1 0
|2 ddc
|4 0
|6 658_834200000000000_KAR_2002
|7 0
|9 18028
|a BRACUL
|b BRACUL
|c GEN
|d 2011-09-18
|l 3
|m 34
|o 658.8342 KAR
|p 3010014983
|r 2019-08-28
|s 2019-07-22
|t 4
|w 2011-09-18
|y BK
|
| 952 |
|
|
|0 0
|1 0
|2 ddc
|4 0
|6 658_834200000000000_KAR_2002
|7 0
|9 18029
|a BRACUL
|b BRACUL
|c GEN
|d 2011-09-18
|l 0
|o 658.8342 KAR
|p 3010014982
|r 2011-09-18
|t 5
|w 2011-09-18
|y BK
|